Loading...
| Science - Physics | 0 | 7 | 0 | 1 | 70 | 79 | 94.86 | 0 | 3 |
| History - World History | 0 | 5 | 0 | 0 | 50 | 71 | 95.80 | 0 | 2 |
| Fine Arts - Visual Fine Arts | 0 | 4 | 1 | 0 | 35 | 51 | 82.50 | 0 | 1 |
| Literature - American Literature | 0 | 3 | 0 | 0 | 30 | 93 | 99.00 | 0 | 0 |
| Literature - European Literature | 0 | 3 | 0 | 1 | 30 | 100 | 117.33 | 0 | 0 |
| Philosophy | 0 | 3 | 0 | 0 | 30 | 94 | 103.00 | 0 | 1 |
| History - Other History | 0 | 2 | 0 | 0 | 20 | 105 | 113.50 | 0 | 0 |
| Fine Arts - Classical Music | 0 | 4 | 4 | 0 | 20 | 49 | 98.25 | 0 | 1 |
| Mythology | 0 | 2 | 0 | 1 | 20 | 84 | 110.50 | 0 | 0 |
| Fine Arts - Other Fine Arts | 0 | 2 | 0 | 0 | 20 | 116 | 117.00 | 0 | 1 |
| History - European History | 0 | 1 | 0 | 0 | 10 | 78 | 78.00 | 0 | 1 |
| History - American History | 0 | 1 | 0 | 0 | 10 | 104 | 104.00 | 0 | 0 |
| Other Academic | 0 | 1 | 0 | 0 | 10 | 83 | 83.00 | 0 | 1 |
| Pop Culture | 0 | 1 | 0 | 0 | 10 | 77 | 77.00 | 0 | 1 |
| Science - Other Science | 0 | 1 | 0 | 0 | 10 | 128 | 128.00 | 0 | 0 |
| Literature - World/Other Literature | 0 | 0 | 1 | 0 | -5 | 0.00 | 0 | 0 | |
| Geography/Current Events | 0 | 0 | 1 | 0 | -5 | 0.00 | 0 | 0 |